=LDR 00000nam 2200000 4500 =001 INLIS000000000040238 =005 20130612145817 =008 ***********************************Ind** =035 ##$$a0010-061300000040238 =041 ##$$a Ind =082 ##$$a 639.310 1 =090 ##$$a 639.310 1, And p =100 ##$$a Andrianto, T =245 ##$$a Panduan lengklap meraup untung dari budi daya lele, T Andrianto =260 ##$$a 2011 $b Yogyakarta =300 ##$$a v, 134 hlm, Ilus, 21 cm =850 ##$$a NBPNMAT =990 ##$$a 0001/BPAP-NTB/20142014 =990 ##$$a 0001/BPAP-NTB/20142014